| 000 | 00895nam a22002177a 4500 | ||
|---|---|---|---|
| 999 |
_c3107 _d3107 |
||
| 003 | AR-CdUCM | ||
| 008 | 190305b ||||| |||| 00| 0 spa d | ||
| 020 | _a9972-755-38-X | ||
| 040 |
_aMUNICIPALIDAD PROVINCIAL DEL CUSCO _cBIBLIOTECA MUNICIPAL DEL CUSCO |
||
| 082 |
_a327.85 / _bC146 |
||
| 100 |
_aCalderón Urtecho, Félix _910505 |
||
| 245 |
_aEl tratado de 1929 : _bLa otra historia / |
||
| 260 |
_aLima : _b Fondo Editorial del Congreso del Perú, _c2000. |
||
| 300 |
_a325 paginas _bIlustraciones, _c21 cm. |
||
| 505 | _aEntre la Ocupación y la reivindicación -- La negociación del tratado de 1929 -- Análisis del tratado de 1929 -- La devolución de Tacna -- Pago de la indemnización y transferencia de bienes inmuebles... | ||
| 650 |
_aRelaciones exteriores _94428 |
||
| 650 |
_aTacna y Arica _910506 |
||
| 650 |
_aPerú y Chile _910507 |
||
| 942 |
_2ddc _cLIBROS |
||
| 945 | _awnts | ||